000 01042nam a2200277Ia 4500
003 OSt
005 20220923211417.0
006 a|||||r|||| 00| 0
007 ta
008 220922b |||||||| |||| 00| 0 hin d
020 _a9788192033075 (hbk)
_c1200
024 _a276,589
037 _b214, 23/09/2013, Swaraj Prakashan
_cTextual
040 _aARTS
_cARTS
_bhin
041 _2hin
_ahin
082 _aO44(Y15-5927)x, 152Q1.1
100 _aतिलक, रजनी, संपा.
245 0 _aसमकालीन भारतीय दलित महिला लेखन
246 _aSamakālīn bhāratīya dalit hinilā lekhana
260 _aनई दिल्ली
_b स्वराज प्रकाशन
_c2011
300 _a322पृ.
_ccm.
490 _vखंड 1
650 _aहिन्दी साहित्य
_9156264
942 _hO44(Y15-5927)x, 152Q1.1
_cTEXL
_2CC
999 _c299207
_d299207